000 01148nam a22001937a 4500
003 JO-AjAnu
005 20240402121506.0
008 240402b jo ||||| |||| 00| 0 ara d
040 _aJO-AjAnu
_cANU
041 1 _hara
100 1 _aالشاعر، ريما حسين عبد اللطيف
_eمعد
_965255
245 0 _aدور التمكين الإداري في تحسين الأداء الوظيفي للعاملين في بلديات إقليم الشمال في الأردن : الإبداع، كمتغير معدل = The Role of Administrative Empowerment in Improving the job Performance of Employees' at the Municipalities of the Northern Region in Jordan: Creativity, as A Modifying Variable /
_cاعداد ريما حسين عبد اللطيف الشاعر ؛ اشراف بلال أحمد مثاني
260 _c2023
300 _a129 ورقة
500 _aرسالة جامعية (ماجستير) تخصص إدارة الاعمال، جامعة عجلون الوطنية
650 7 _vالموظفين-تمكين-التطوير الاداري
700 0 _aالمثاني، بلال احمد
_965043
_eمشرف
942 _2lcc
_cTHS
_n0
999 _c33404
_d33404